|
|
|
|
| LEADER |
00000Cam#a22000005a#4500 |
| 003 |
AR-RoUNA |
| 008 |
140529||||||||||||||||| |||| 0|||| d |
| 999 |
|
|
|c 2577
|d 2577
|
| 040 |
|
|
|a AR-RoUNA
|b spa
|
| 041 |
|
|
|a spa
|
| 080 |
|
|
|a 72.01
|
| 092 |
|
|
|l J77
|
| 100 |
1 |
|
|a Jones, John Christopher
|9 2933
|
| 245 |
|
|
|a Métodos de diseño /
|c J. Chistopher Jones
|
| 260 |
|
|
|a Barcelona :
|b G. Gili,
|c 1976
|
| 300 |
|
|
|a 370 p. :
|b il. byn.
|b dib.
|c 17x24 cm
|
| 505 |
0 |
|
|a PARTE I: DESARROLLO DEL PROCESO DE DISEÑO
|
| 505 |
0 |
|
|a PARTE II: METODOS DE DISEÑO EN ACCION
|t Sección 1: Estrategias prefabricadas (Convergencia)
|t Sección 2: Control de estrategias
|t Sección 3: Métodos de exploración de situaciones de diseño (Divergencia)
|t Sección 4: Métodos de investigación de ideas (Divergencia y transformación)
|t Sección 5: Métodos de exploración de la estructura del problema (Transformación)
|t Sección 6: Métodos de evaluación (Convergencia)
|
| 653 |
|
|
|a Diseño
|
| 908 |
|
|
|a Imp
|
| 930 |
|
|
|e 2462
|
| 942 |
|
|
|2 udc
|
| 945 |
|
|
|a MEM
|